| 000 | 00684nam a2200229 a 4500 | ||
|---|---|---|---|
| 001 | 13686 | ||
| 003 | BD-JhCC | ||
| 005 | 20240313211154.0 | ||
| 008 | 240313b2003 nyu |||| ||a| 001 0 eng d | ||
| 020 | _a 9780393051797 | ||
| 035 | _a(BD-JhCC)13686 | ||
| 040 |
_aBD-JhCC _dBD-JhCC |
||
| 041 | _aenglish | ||
| 082 |
_a909 _bMCN 2003 |
||
| 100 | _aMcNeill ,John Robert | ||
| 245 |
_a The Human Web : _b A bird's-eye view of world history / _cJohn Robert McNeill ,William Hardy McNeill |
||
| 260 |
_aLondon: _bNorton,; _c2003. |
||
| 300 |
_a350 p, : _bill; _c22 cm |
||
| 650 |
_a Culturen _xHistoire universelle _zWorld history |
||
| 700 | _a McNeill,William Hardy | ||
| 942 |
_2ddc _cBK |
||
| 999 |
_c13686 _d13686 |
||